000
00207nam a22000977a 4500
003
OSt
008
210114b ||||| |||| 00| 0 eng d
100
_a
Neeloor, T P
_9
4859
245
_a
Prathyasha
942
_c
BK
999
_c
16509
_d
16509